| 000 | 00940nam a2200241 a 4500 | ||
|---|---|---|---|
| 001 | 73577 | ||
| 003 | BD-RjUL | ||
| 005 | 20211209082419.0 | ||
| 008 | 170604s1978 bg bs 000 0 eng | ||
| 035 | _a(BD-RjUL)73795 | ||
| 040 |
_aDLC _cDLC _dDLC _dBD-RjUL _beng |
||
| 041 | _aeng | ||
| 082 | 0 | 0 |
_223 _a633.1805492 _bCOS 1978 |
| 245 | 1 | 0 |
_aCosts and returns of boro paddy : _ba pilot survey in Barisal and Mymensingh Districts, 1978. / _cAgro-Economic Research Section. |
| 260 |
_aDacca : _bAgro-Economic Research, Bangladesh Ministry of Agriculture & Forests : [Sole distributor, Bangladesh Books International], _c1978. |
||
| 300 |
_aviii, 44 p. ; _c29 cm. |
||
| 490 | 1 |
_aReport ; _vno. 4 |
|
| 504 | _aBibliography: leaf 44. | ||
| 650 | 0 |
_aRice _zBangladesh _9217712 |
|
| 710 | 1 |
_aBangladesh. _bAgro-Economic Research Section. _9217713 |
|
| 830 | 0 |
_aReport (Bangladesh. Agro-Economic Research Section) ; _vno. 4. _9217715 |
|
| 942 |
_2ddc _cBK |
||
| 999 |
_c73577 _d73577 |
||